Экситоны в анизотропных кристаллах PbCl2 и PbBr2; Низкотемпературная физика кристаллов

Dettagli Bibliografici
Parent link:Низкотемпературная физика кристаллов.— 1976.— С. 67-88
Autore principale: Плеханов В. Г.
Altri autori: Шерман А. В.
Lingua:russo
Pubblicazione: 1976
Natura: MixedMaterials Capitolo di libro
KOHA link:https://koha.lib.tpu.ru/cgi-bin/koha/opac-detail.pl?biblionumber=214589

MARC

LEADER 00000naa2a2200000 4500
001 214589
005 20231031193629.0
035 |a (RuTPU)RU\TPU\book\234463 
035 |a RU\TPU\book\234460 
090 |a 214589 
100 |a 20120426d1976 k y0rusy50 ca 
101 0 |a rus 
102 |a RU 
200 1 |a Экситоны в анизотропных кристаллах PbCl2 и PbBr2  |f В. Г. Плеханов, А. В. Шерман 
320 |a Библиогр.: с. 86-87 (42 назв.) 
463 0 |0 (RuTPU)RU\TPU\book\234456  |t Низкотемпературная физика кристаллов  |f Академия наук Эстонской ССР (АН ЭССР), Институт физики (ИФ)  |v С. 67-88  |d 1976  |p 122 с.  |s Труды института физики АН ЭССР ; Вып. 45 
700 1 |a Плеханов  |b В. Г. 
701 1 |a Шерман  |b А. В. 
801 1 |a RU  |b 63413507  |c 20120426 
801 2 |a RU  |b 63413507  |c 20120426  |g RCR 
942 |c BK